A new panel dataset for studies using substate units of analysis and indicators of drug activity (Record no. 520697)

000 -LEADER
fixed length control field 01268nam a22001577a 4500
008 - FIXED-LENGTH DATA ELEMENTS--GENERAL INFORMATION
fixed length control field 221007b ||||| |||| 00| 0 eng d
100 ## - MAIN ENTRY--PERSONAL NAME
Personal name Carpenter, Dick and Ward, Anthony
245 ## - TITLE STATEMENT
Title A new panel dataset for studies using substate units of analysis and indicators of drug activity
260 ## - PUBLICATION, DISTRIBUTION, ETC. (IMPRINT)
Place of publication, distribution, etc Urban Affairs Review
300 ## - PHYSICAL DESCRIPTION
Extent 58(3), May, 2022: p.907-918
520 ## - SUMMARY, ETC.
Summary, etc This research note reports on the creation of a new panel dataset using multiple waves of substate estimates from the National Survey on Drug Use and Health. It also provides identifying information that contains state, place, and/or agency codes for merging additional datasets at levels below the state. The process for creating this dataset and for merging external data is described. This research note ends by providing an example analysis utilizing the panel dataset in combination with law enforcement personnel data from the Federal Bureau of Investigation and forfeiture data from municipalities in Minnesota to analyze the relationship between civil asset forfeiture and crime. – Reproduced
650 ## - SUBJECT ADDED ENTRY--TOPICAL TERM
Topical term or geographic name as entry element NSDUH, National survey on drug use and health, Panel dataset, Civil forfeiture.
9 (RLIN) 33566
773 ## - HOST ITEM ENTRY
Main entry heading Urban Affairs Review
906 ## - LOCAL DATA ELEMENT F, LDF (RLIN)
Subject DIP DRUGS
942 ## - ADDED ENTRY ELEMENTS (KOHA)
Item type Articles
Holdings
Withdrawn status Lost status Source of classification or shelving scheme Damaged status Not for loan Permanent location Current location Date acquired Serial Enumeration / chronology Barcode Date last seen Koha item type
          Indian Institute of Public Administration Indian Institute of Public Administration 2022-10-07 58(3), May, 2022: p.907-918 AR127279 2022-10-07 Articles

Powered by Koha